[Event "GER-ch U25 op-A"]
[Site "Oberhof"]
[Date "2013.05.25"]
[Round "9"]
[White "Schreiber, Justina"]
[Black "Koll, Lukas"]
[Result "1/2-1/2"]
[WhiteElo "1603"]
[BlackElo "1464"]
[PlyCount "53"]
[EventDate "2013.05.19"]
[EventType "swiss"]
[EventRounds "9"]
[EventCountry "GER"]
[SourceTitle "CBM 154 Extra"]
[Source "ChessBase"]
[SourceDate "2013.06.25"]
[SourceVersion "2"]
[SourceVersionDate "2013.06.25"]
[SourceQuality "1"]

1. e4 e5 2. Nf3 Nc6 3. Bc4 Bc5 4. c3 Nf6 5. d3 h6 6. Bb3 d6 7. 0-0 0-0 8. Nbd2 Be6 9. Re1 Re8 10. Nf1 Ng4 11. Re2 Ne7 12. h3 Nf6 13. Ng3 Ng6 14. Rc2 Bb6 15. Bxe6 fxe6 16. Be3 Qd7 17. Ne2 Rf8 18. Qd2 Nh5 19. a3 Nhf4 20. Nh2 Nxe2+ 21. Qxe2 Nf4 22. Qd2 Qf7 23. Bxf4 Qxf4 24. Qxf4 Rxf4 25. Kf1 Raf8 26. f3 c6 27. Ke2 1/2-1/2

[Event "GER-ch U25 op-A"]
[Site "Oberhof"]
[Date "2013.05.21"]
[Round "4"]
[White "Schreiber, Justina"]
[Black "Werner, Justus"]
[Result "0-1"]
[WhiteElo "1603"]
[BlackElo "1652"]
[PlyCount "110"]
[EventDate "2013.05.19"]
[EventType "swiss"]
[EventRounds "9"]
[EventCountry "GER"]
[SourceTitle "CBM 154 Extra"]
[Source "ChessBase"]
[SourceDate "2013.06.25"]
[SourceVersion "2"]
[SourceVersionDate "2013.06.25"]
[SourceQuality "1"]

1. e4 c5 2. c3 Nf6 3. e5 Nd5 4. d4 cxd4 5. Nf3 e6 6. cxd4 b6 7. Bc4 Bb7 8. 0-0 Qc7 9. Bb3 d6 10. Re1 Nd7 11. Bd2 Rc8 12. Nc3 Nxc3 13. Bxc3 dxe5 14. dxe5 Rd8 15. Qe2 Be7 16. Rac1 Qb8 17. Red1 0-0 18. Bc2 Qa8 19. a3 Nc5 20. Re1 Ba6 21. Qe3 Nd3 22. Bxd3 Rxd3 23. Qe4 Qxe4 24. Rxe4 Rfd8 25. Rd4 Bb7 26. Rxd8+ Bxd8 27. Nd4 Bg5 28. Re1 Be7 29. Rc1 Bg5 30. Re1 h6 31. h3 a6 32. Re2 Rd1+ 33. Re1 Rxe1+ 34. Bxe1 Bf4 35. f3 Bxe5 36. Bc3 Bf6 37. Kf2 Kf8 38. g3 Ke7 39. Ke3 Kd6 40. f4 Bg2 41. h4 Kd5 42. Ne2 Bxc3 43. Nxc3+ Kc4 44. Kd2 Bf3 45. Nb1 f6 46. Nc3 b5 47. Kc2 Kd4 48. Kd2 e5 49. fxe5 fxe5 50. Nb1 e4 51. b3 e3+ 52. Ke1 Be4 53. Nd2 exd2+ 54. Kxd2 h5 55. b4 Kc4 0-1

[Event "GER-chA U25"]
[Site "Oberhof"]
[Date "2011.06.15"]
[Round "6"]
[White "Bieg, Pascal"]
[Black "Schreiber, Justina"]
[Result "1-0"]
[WhiteElo "1841"]
[BlackElo "1467"]
[PlyCount "65"]
[EventDate "2011.06.11"]
[EventType "swiss"]
[EventRounds "9"]
[EventCountry "GER"]
[SourceTitle "CBM 142 Extra"]
[Source "ChessBase"]
[SourceDate "2011.06.27"]
[SourceVersion "1"]
[SourceVersionDate "2011.06.27"]
[SourceQuality "1"]

1. d4 d5 2. c4 c6 3. Nf3 Bf5 4. Nc3 Nf6 5. cxd5 cxd5 6. Qb3 Qb6 7. Nxd5 Qxb3 8. Nc7+ Kd8 9. axb3 Kxc7 10. Bf4+ Kd8 11. e4 Bxe4 12. Ne5 Bd5 13. Bb5 Nc6 14. 0-0 Nxe5 15. dxe5 Nd7 16. e6 fxe6 17. Rac1 a6 18. Be2 e5 19. Be3 e6 20. f4 Bd6 21. f5 Rf8 22. g4 exf5 23. Rfd1 Bxb3 24. Rxd6 Rf7 25. gxf5 Rxf5 26. Bg4 Rf7 27. Rc3 Ba4 28. Rcd3 Ke8 29. Be6 Rf6 30. Bxd7+ Bxd7 31. Rxd7 Rf3 32. R7d5 Kf8 33. Bc5+ 1-0

[Event "GER-chA U25"]
[Site "Oberhof"]
[Date "2011.06.14"]
[Round "5"]
[White "Schreiber, Justina"]
[Black "Tarakanova, Valeria"]
[Result "1-0"]
[WhiteElo "1467"]
[BlackElo "1740"]
[PlyCount "83"]
[EventDate "2011.06.11"]
[EventType "swiss"]
[EventRounds "9"]
[EventCountry "GER"]
[SourceTitle "CBM 142 Extra"]
[Source "ChessBase"]
[SourceDate "2011.06.27"]
[SourceVersion "1"]
[SourceVersionDate "2011.06.27"]
[SourceQuality "1"]

1. e4 e5 2. Nf3 Nc6 3. Bc4 Nf6 4. d3 Be7 5. Nc3 0-0 6. Bg5 h6 7. Bh4 Nxe4 8. Bxe7 Nxc3 9. Bxd8 Nxd1 10. Bxc7 Nxb2 11. Bb3 b5 12. 0-0 a5 13. a3 Re8 14. Rfe1 Bb7 15. Bxe5 Nxe5 16. Nxe5 d6 17. Bxf7+ Kf8 18. Bxe8 Rxe8 19. Nd7+ Kf7 20. Rxe8 Kxe8 21. Nb6 Kd8 22. Rb1 Kc7 23. Rxb2 Kxb6 24. c4 b4 25. axb4 axb4 26. Rxb4+ Kc7 27. Kf1 g5 28. g3 Bf3 29. Ke1 Kc6 30. Kd2 d5 31. Ke3 Bg2 32. f3 dxc4 33. Rxc4+ Kd5 34. Rc8 Bh3 35. Rh8 Bf5 36. Rxh6 g4 37. Rh5 Ke6 38. Rxf5 Kxf5 39. f4 Ke6 40. Ke4 Kd6 41. f5 Ke7 42. d4 1-0

[Event "GER-chA U25"]
[Site "Oberhof"]
[Date "2011.06.13"]
[Round "3"]
[White "Gefnider, Andreas"]
[Black "Schreiber, Justina"]
[Result "1-0"]
[WhiteElo "1697"]
[BlackElo "1467"]
[PlyCount "57"]
[EventDate "2011.06.11"]
[EventType "swiss"]
[EventRounds "9"]
[EventCountry "GER"]
[SourceTitle "CBM 142 Extra"]
[Source "ChessBase"]
[SourceDate "2011.06.27"]
[SourceVersion "1"]
[SourceVersionDate "2011.06.27"]
[SourceQuality "1"]

1. e4 e6 2. d4 d5 3. exd5 exd5 4. Bd3 Bd6 5. c3 Nc6 6. Nf3 Bg4 7. 0-0 Qd7 8. Re1+ Nge7 9. Bg5 f6 10. Bh4 0-0-0 11. Nbd2 g5 12. Bg3 h5 13. Bxd6 Qxd6 14. b4 Bf5 15. Qc2 Bxd3 16. Qxd3 Rde8 17. Nb3 Nb8 18. Nc5 Nd7 19. a4 c6 20. Re2 Nxc5 21. dxc5 Qd7 22. Rae1 Kd8 23. Nd4 Kc8 24. Re6 Rhf8 25. Qe3 Rf7 26. h3 Qc7 27. b5 Qd7 28. Rd6 Qc7 29. Qe6+ 1-0

[Event "GER-ch U14 Girls"]
[Site "Oberhof"]
[Date "2010.05.29"]
[Round "9"]
[White "Schreiber, Justina"]
[Black "Wulf, Constanze"]
[Result "1/2-1/2"]
[WhiteElo "1443"]
[BlackElo "1282"]
[PlyCount "47"]
[EventDate "2010.05.22"]
[EventType "swiss"]
[EventRounds "9"]
[EventCountry "GER"]
[SourceTitle "CBM 136 Extra"]
[Source "ChessBase"]
[SourceDate "2010.07.02"]
[SourceVersion "2"]
[SourceVersionDate "2010.07.15"]
[SourceQuality "1"]

1. e4 c5 2. Bc4 e6 3. Nc3 Nc6 4. f4 d6 5. Nf3 Qc7 6. d3 Nf6 7. 0-0 Be7 8. Qe1 Nd7 9. Ne2 a6 10. a4 Rb8 11. Ng3 b5 12. axb5 axb5 13. Bb3 0-0 14. f5 Nde5 15. Nxe5 Nxe5 16. Qc3 Bf6 17. Qe1 Bd7 18. Nh5 Qd8 19. fxe6 fxe6 20. Qg3 Qe7 21. Bh6 Rf7 22. Ra7 Kh8 23. Nxf6 Rxf6 24. Rxf6 1/2-1/2

[Event "GER-ch U14 Girls"]
[Site "Oberhof"]
[Date "2010.05.25"]
[Round "4"]
[White "Schreiber, Justina"]
[Black "Genath, Maren"]
[Result "1-0"]
[WhiteElo "1443"]
[BlackElo "1041"]
[PlyCount "25"]
[EventDate "2010.05.22"]
[EventType "swiss"]
[EventRounds "9"]
[EventCountry "GER"]
[SourceTitle "CBM 136 Extra"]
[Source "ChessBase"]
[SourceDate "2010.07.02"]
[SourceVersion "2"]
[SourceVersionDate "2010.07.15"]
[SourceQuality "1"]

1. e4 c6 2. d4 d5 3. Nc3 dxe4 4. Nxe4 Bf5 5. Ng3 Bg6 6. N1e2 e6 7. Nf4 Ne7 8. c3 e5 9. Nxg6 Nxg6 10. Nf5 Nd7 11. Qf3 Be7 12. Nxg7+ Kf8 13. Ne6+ 1-0

[Event "Niedersachsen-ch open"]
[Site "Verden"]
[Date "2010.01.05"]
[Round "5.54"]
[White "Aden, Dagmar"]
[Black "Schreiber, Justina"]
[Result "1/2-1/2"]
[WhiteElo "1810"]
[BlackElo "1404"]
[PlyCount "94"]
[EventDate "2010.01.03"]
[EventType "swiss"]
[EventRounds "7"]
[EventCountry "GER"]
[SourceTitle "EXT 2012"]
[Source "ChessBase"]
[SourceDate "2011.11.24"]
[SourceVersion "1"]
[SourceVersionDate "2011.11.24"]
[SourceQuality "1"]

1. e4 e6 2. b3 d5 3. exd5 exd5 4. Bb2 Nf6 5. Nf3 Bf5 6. Be2 c6 7. 0-0 Nbd7 8. Re1 Be7 9. d4 0-0 10. Ne5 Bd6 11. Nd2 Re8 12. Ndf3 Ng4 13. Nxg4 Bxg4 14. Ne5 Bxe2 15. Rxe2 f6 16. Nf3 Rxe2 17. Qxe2 Nf8 18. Re1 Kf7 19. Nh4 g6 20. Qd2 Qc7 21. g3 Re8 22. Rxe8 Kxe8 23. c4 Qd8 24. cxd5 cxd5 25. Qe2+ Be7 26. Ng2 a6 27. Nf4 Qa5 28. Bc1 Nd7 29. Bd2 Qb5 30. Qxb5 axb5 31. Nxd5 Bd6 32. Bf4 Bxf4 33. Nxf4 Nb6 34. Kf1 Ke7 35. Ke2 Kd6 36. Kd3 Nd5 37. Nxd5 Kxd5 38. f4 f5 39. h4 h6 40. a3 b6 41. a4 b4 42. Ke3 Kd6 43. Ke2 Ke6 44. Kd2 Kd6 45. h5 gxh5 46. Ke3 Ke6 47. Kd2 Kd6 1/2-1/2

[Event "Niedersachsen-ch open"]
[Site "Verden"]
[Date "2010.01.04"]
[Round "4.73"]
[White "Schreiber, Justina"]
[Black "Gottlieb, Timo"]
[Result "1-0"]
[WhiteElo "1404"]
[BlackElo "1257"]
[PlyCount "109"]
[EventDate "2010.01.03"]
[EventType "swiss"]
[EventRounds "7"]
[EventCountry "GER"]
[SourceTitle "EXT 2012"]
[Source "ChessBase"]
[SourceDate "2011.11.24"]
[SourceVersion "1"]
[SourceVersionDate "2011.11.24"]
[SourceQuality "1"]

1. e4 c5 2. Nc3 d6 3. Bc4 Nc6 4. f4 e6 5. Nf3 Nge7 6. 0-0 a6 7. a3 b5 8. Ba2 Bb7 9. d3 Qc7 10. Qe1 Ng6 11. Qg3 Be7 12. Be3 Bf6 13. f5 exf5 14. exf5 Nge5 15. Nd5 Qd8 16. Nxf6+ Qxf6 17. Rfe1 0-0 18. Nh4 Ne7 19. Bg5 Nxf5 20. Bxf6 Nxg3 21. Bxe5 dxe5 22. hxg3 Rfe8 23. Re2 Kf8 24. Nf5 Rad8 25. Rf1 g6 26. Nh6 f5 27. g4 Kg7 28. Nf7 Rd7 29. gxf5 Rxf7 30. Bxf7 Kxf7 31. fxg6+ Kxg6 32. Kh2 Re6 33. g4 Kg5 34. Kg3 e4 35. dxe4 Rxe4 36. Rf5+ Kg6 37. Rxe4 Bxe4 38. Rxc5 Kf6 39. c4 bxc4 40. Rxc4 Bd3 41. Rb4 Ke6 42. Kf3 Kd6 43. Ke3 Bb5 44. a4 Bd7 45. Rb6+ Kc5 46. Rxa6 Bxg4 47. Rh6 Bd1 48. a5 Ba4 49. a6 Bc6 50. a7 Ba8 51. Rxh7 Kb6 52. Kd4 Bb7 53. b4 Kxa7 54. Kc5 Kb8 55. Kb6 1-0

[Event "GER-ch U25 op"]
[Site "Willingen"]
[Date "2009.06.04"]
[Round "7"]
[White "Schreiber, Justina"]
[Black "Reksten, Lisa"]
[Result "1-0"]
[WhiteElo "1269"]
[BlackElo "1141"]
[PlyCount "75"]
[EventDate "2009.05.30"]
[EventType "swiss"]
[EventRounds "9"]
[EventCountry "GER"]
[SourceTitle "EXT 2010"]
[Source "ChessBase"]
[SourceDate "2010.11.25"]
[SourceVersion "1"]
[SourceVersionDate "2010.11.25"]
[SourceQuality "1"]

1. e4 e5 2. Nf3 Nc6 3. Bc4 Nf6 4. d3 Bb4+ 5. Bd2 0-0 6. Bxb4 Nxb4 7. Nxe5 d6 8. Nf3 Bg4 9. Na3 Nc6 10. h3 Bh5 11. g4 Bg6 12. Qd2 Ne5 13. Nxe5 dxe5 14. Rf1 Qd4 15. 0-0-0 c6 16. Nb1 b5 17. Bb3 a5 18. c3 Qc5 19. Na3 b4 20. Nc4 bxc3 21. Qxc3 a4 22. Bc2 Nd7 23. Qa3 Qxa3 24. Nxa3 f6 25. f4 Bf7 26. Kb1 Rfb8 27. Rd2 Nc5 28. fxe5 fxe5 29. Rc1 Rb4 30. Bd1 Ra5 31. Be2 Bxa2+ 32. Kxa2 Nb3 33. Rdc2 Nxc1+ 34. Rxc1 Ra6 35. Nc4 Rb5 36. d4 Ra7 37. Nxe5 Rab7 38. Bxb5 1-0

[Event "GER-ch U25 op"]
[Site "Willingen"]
[Date "2009.06.03"]
[Round "6"]
[White "Wachinger, David"]
[Black "Schreiber, Justina"]
[Result "1/2-1/2"]
[WhiteElo "1386"]
[BlackElo "1269"]
[PlyCount "39"]
[EventDate "2009.05.30"]
[EventType "swiss"]
[EventRounds "9"]
[EventCountry "GER"]
[SourceTitle "EXT 2010"]
[Source "ChessBase"]
[SourceDate "2010.11.25"]
[SourceVersion "1"]
[SourceVersionDate "2010.11.25"]
[SourceQuality "1"]

1. d4 d5 2. c4 c6 3. Nc3 Nf6 4. Nf3 Bf5 5. cxd5 Nxd5 6. Qb3 Nb6 7. Bf4 e6 8. e3 Bd6 9. Bxd6 Qxd6 10. Be2 N8d7 11. Nh4 Bg6 12. Nxg6 hxg6 13. h3 Nf6 14. Bf3 Qd7 15. Rc1 Rb8 16. 0-0 0-0 17. Rfd1 Rfd8 18. Qc2 Qc7 19. Qe2 Kf8 20. Qc2 1/2-1/2

[Event "GER-ch U25 op"]
[Site "Willingen"]
[Date "2009.06.02"]
[Round "5"]
[White "Kulling, Markus"]
[Black "Schreiber, Justina"]
[Result "1/2-1/2"]
[WhiteElo "1451"]
[BlackElo "1269"]
[PlyCount "88"]
[EventDate "2009.05.30"]
[EventType "swiss"]
[EventRounds "9"]
[EventCountry "GER"]
[SourceTitle "EXT 2010"]
[Source "ChessBase"]
[SourceDate "2010.11.25"]
[SourceVersion "1"]
[SourceVersionDate "2010.11.25"]
[SourceQuality "1"]

1. d4 d5 2. c4 c6 3. Nc3 Nf6 4. Nf3 Bf5 5. cxd5 cxd5 6. Qb3 e6 7. Qxb7 Nbd7 8. Bf4 Be7 9. e3 0-0 10. Qb3 Qa5 11. Be2 Bb4 12. 0-0 Bxc3 13. Qxc3 Qxc3 14. bxc3 Rac8 15. Rac1 Ne4 16. c4 Nb6 17. c5 Na4 18. a3 a5 19. Ne5 Nec3 20. Rfe1 f6 21. Nf3 Nxe2+ 22. Rxe2 Bd3 23. Rd2 Bc4 24. Rb1 Rc6 25. Bd6 Re8 26. Rb7 Nc3 27. Ra7 Ne4 28. Rb2 Ra6 29. Rd7 Nxd6 30. cxd6 Bd3 31. h3 Rf8 32. Rbb7 g5 33. Ra7 Rxa7 34. Rxa7 Rd8 35. Rxa5 Rxd6 36. Ra8+ Kf7 37. Ra7+ Ke8 38. Ne1 Bg6 39. Kf1 Rd7 40. Rxd7 Kxd7 41. Ke2 Kc6 42. Kd2 Kb5 43. Kc3 Ka4 44. Kb2 h6 1/2-1/2

[Event "GER-ch U25 op"]
[Site "Willingen"]
[Date "2009.06.02"]
[Round "4"]
[White "Schreiber, Justina"]
[Black "Schneider, Johannes"]
[Result "0-1"]
[WhiteElo "1269"]
[BlackElo "1775"]
[PlyCount "148"]
[EventDate "2009.05.30"]
[EventType "swiss"]
[EventRounds "9"]
[EventCountry "GER"]
[SourceTitle "EXT 2010"]
[Source "ChessBase"]
[SourceDate "2010.11.25"]
[SourceVersion "1"]
[SourceVersionDate "2010.11.25"]
[SourceQuality "1"]

1. e4 c5 2. Nf3 d6 3. d4 cxd4 4. Nxd4 Nf6 5. f3 a6 6. Nc3 b5 7. Bd3 e6 8. Be3 Bb7 9. Qd2 Be7 10. Nce2 Nbd7 11. 0-0 d5 12. exd5 Nxd5 13. Be4 N7f6 14. Bxd5 Nxd5 15. Bf2 0-0 16. Rad1 Qc7 17. Bg3 Bd6 18. Bxd6 Qxd6 19. Nc3 Rfd8 20. Nxd5 Bxd5 21. Nb3 Qb6+ 22. Qf2 Qxf2+ 23. Kxf2 Kf8 24. Ke3 Rac8 25. Rd2 Bxb3 26. Rxd8+ Rxd8 27. axb3 Ke7 28. Rc1 Rc8 29. c4 Rc7 30. Kd4 f6 31. Ra1 bxc4 32. bxc4 Rc6 33. b4 Kd6 34. Ra5 e5+ 35. Kc3 h5 36. Kb3 g5 37. Rd5+ Ke6 38. Rd8 g4 39. b5 axb5 40. cxb5 Rc1 41. Rd2 Rb1+ 42. Kc4 Kf5 43. Kc5 Kf4 44. fxg4 hxg4 45. Rf2+ Kg5 46. b6 f5 47. h4+ gxh3 48. gxh3 f4 49. Kc6 e4 50. h4+ Kf5 51. h5 e3 52. Re2 Kg5 53. h6 Kxh6 54. Kd5 Rxb6 55. Ke5 Rb4 56. Kf5 Kg7 57. Kg5 Kf7 58. Kf5 Ke7 59. Ke5 Kd7 60. Kf5 Kd6 61. Kg4 Ke5 62. Kg5 Ke4 63. Kg4 f3 64. Re1 f2 65. Rf1 e2 66. Rxf2 e1Q 67. Rf4+ Ke5 68. Rxb4 Qxb4+ 69. Kg5 Qf4+ 70. Kg6 Ke6 71. Kg7 Qg5+ 72. Kf8 Qe7+ 73. Kg8 Kf6 74. Kh8 Qg7# 0-1

[Event "GER-ch U25 op"]
[Site "Willingen"]
[Date "2009.05.30"]
[Round "1"]
[White "Azizi, Nassim"]
[Black "Schreiber, Justina"]
[Result "1-0"]
[WhiteElo "1692"]
[BlackElo "1269"]
[PlyCount "61"]
[EventDate "2009.05.30"]
[EventType "swiss"]
[EventRounds "9"]
[EventCountry "GER"]
[SourceTitle "EXT 2010"]
[Source "ChessBase"]
[SourceDate "2010.11.25"]
[SourceVersion "1"]
[SourceVersionDate "2010.11.25"]
[SourceQuality "1"]

1. d4 d5 2. c4 c6 3. Nc3 Nf6 4. Nf3 Bf5 5. Bg5 Nbd7 6. e3 e6 7. Be2 Be7 8. 0-0 Ne4 9. Bxe7 Nxc3 10. bxc3 Qxe7 11. cxd5 exd5 12. c4 Nf6 13. Bd3 Bxd3 14. Qxd3 0-0 15. Ne5 dxc4 16. Qxc4 Nd7 17. f4 Kh8 18. e4 f6 19. Nxd7 Qxd7 20. e5 fxe5 21. dxe5 Rad8 22. Rad1 Qxd1 23. Rxd1 Rxd1+ 24. Kf2 Rfd8 25. e6 R1d5 26. g4 Re8 27. f5 h5 28. h3 Kh7 29. Qe4 Kh6 30. e7 Rd6 31. Qf4+ 1-0

[Event "Niedersachsen-ch Girls"]
[Site "Rotenburg"]
[Date "2009.04.07"]
[Round "5"]
[White "Veelders, Sarah"]
[Black "Schreiber, Justina"]
[Result "0-1"]
[WhiteElo "1125"]
[BlackElo "1288"]
[PlyCount "36"]
[EventDate "2009.04.04"]
[EventType "swiss"]
[EventRounds "9"]
[EventCountry "GER"]
[SourceTitle "EXT 2010"]
[Source "ChessBase"]
[SourceDate "2010.11.25"]
[SourceVersion "1"]
[SourceVersionDate "2010.11.25"]
[SourceQuality "1"]

1. e4 d5 2. exd5 Qxd5 3. Nc3 Qa5 4. Bc4 Nf6 5. d3 Bg4 6. f3 Bh5 7. Bd2 c6 8. Ne4 Qd8 9. Ne2 Nbd7 10. N2g3 Bg6 11. 0-0 e6 12. Bg5 Be7 13. Qd2 Bxe4 14. fxe4 Nb6 15. Bxf6 Nxc4 16. dxc4 Qxd2 17. Bxg7 Rg8 18. Rf2 Bc5 0-1

[Event "Niedersachsen-ch Girls"]
[Site "Rotenburg"]
[Date "2009.04.05"]
[Round "2"]
[White "Schreiber, Justina"]
[Black "Grigorian, Satenik"]
[Result "1-0"]
[WhiteElo "1288"]
[BlackElo "998"]
[PlyCount "95"]
[EventDate "2009.04.04"]
[EventType "swiss"]
[EventRounds "9"]
[EventCountry "GER"]
[SourceTitle "EXT 2010"]
[Source "ChessBase"]
[SourceDate "2010.11.25"]
[SourceVersion "1"]
[SourceVersionDate "2010.11.25"]
[SourceQuality "1"]

1. e4 e5 2. Nf3 Nc6 3. Bc4 Bc5 4. d3 Nf6 5. Bg5 h6 6. Bh4 g5 7. Bg3 d6 8. Nfd2 Be6 9. Bxe6 fxe6 10. Nf3 Qd7 11. a3 Nd4 12. Nxd4 Bxd4 13. c3 Bb6 14. Nd2 Rf8 15. Nc4 Qc6 16. Qb3 Kd7 17. Bxe5 Ng4 18. Nxb6+ Qxb6 19. Qxb6 axb6 20. Bg3 Rf7 21. h3 Ne5 22. Bxe5 dxe5 23. 0-0 h5 24. f3 h4 25. Rad1 Ra4 26. Rf2 c5 27. Rfd2 Kc6 28. d4 exd4 29. cxd4 Rd7 30. d5+ exd5 31. Rxd5 Rxd5 32. Rxd5 Rd4 33. Rxg5 Rd2 34. f4 Rxb2 35. f5 c4 36. f6 c3 37. Rg8 Kb5 38. Rc8 c2 39. f7 Rb1+ 40. Kh2 c1Q 41. Rxc1 Rxc1 42. f8Q Rc4 43. e5 Re4 44. Qf5 Re1 45. e6+ Kc6 46. Qf7 Kd6 47. Qd7+ Kc5 48. e7 1-0

[Event "Niedersachsen-ch op"]
[Site "Verden"]
[Date "2009.01.06"]
[Round "7"]
[White "Gerken, Frieso"]
[Black "Schreiber, Justina"]
[Result "0-1"]
[WhiteElo "953"]
[BlackElo "1233"]
[PlyCount "164"]
[EventDate "2009.01.03"]
[EventType "swiss"]
[EventRounds "7"]
[EventCountry "GER"]
[SourceTitle "EXT 2012"]
[Source "ChessBase"]
[SourceDate "2011.11.24"]
[SourceVersion "1"]
[SourceVersionDate "2011.11.24"]
[SourceQuality "1"]

1. e4 e6 2. d4 d5 3. e5 c5 4. c3 Nc6 5. Nf3 Bd7 6. Bd3 Qb6 7. Be3 cxd4 8. cxd4 Qxb2 9. Nbd2 Qa3 10. Nb3 Bb4+ 11. Bd2 Bxd2+ 12. Qxd2 Nge7 13. 0-0 0-0 14. Nc5 Bc8 15. Qc2 b6 16. Nb3 g6 17. h4 Nb4 18. Qc3 Nxd3 19. Qxd3 Ba6 20. Qc2 Bxf1 21. Rxf1 Rfc8 22. Qd2 Kg7 23. Qg5 Ng8 24. h5 Qe7 25. h6+ Kf8 26. Qf4 a5 27. Ng5 Nxh6 28. Nxh7+ Kg7 29. Nf6 Rc2 30. Qh4 Qa3 31. g4 Rh8 32. Kg2 Rxa2 33. Rh1 Qf8 34. g5 Qa3 35. gxh6+ Kf8 36. Nh7+ Ke8 37. Nf6+ Ke7 38. Nxd5+ Kd7 39. Nf6+ Kc7 40. Rc1+ Kb7 41. Rc3 Qb2 42. Qe4+ Ka7 43. Rc7+ Ka6 44. Qd3+ b5 45. Rc6+ Ka7 46. Rc7+ Kb6 47. Rb7+ Kxb7 48. Qxb5+ Ka7 49. Qd7+ Kb6 50. Qd6+ Kb5 51. Qc5+ Ka4 52. Qc4+ Ka3 53. Qc5+ Kxb3 54. Qb5+ Kc2 55. Qe2+ Kb1 56. Qd1+ Qc1 57. Qb3+ Rb2 58. Qd3+ Qc2 59. Qf1+ Ka2 60. Ng4 Qe4+ 61. Kg3 Rb3+ 62. Kh4 Rxh6+ 63. Kg5 f6+ 64. Kxh6 Qf4+ 65. Kg7 Rb7+ 66. Kg8 Qxd4 67. Qe2+ Ka3 68. Qf3+ Rb3 69. Qxf6 Qxg4 70. Qf8+ Kb2 71. Qd6 Qf4 72. Qe7 Qxf2 73. Kg7 Qf5 74. Kh6 Qxe5 75. Kxg6 Rg3+ 76. Kh6 Qh8+ 77. Qh7 Rh3+ 78. Kg6 Qxh7+ 79. Kf6 Rh5 80. Kxe6 Qg6+ 81. Ke7 Rh7+ 82. Kf8 Qf7# 0-1

[Event "GER-chT U14"]
[Site "Verden"]
[Date "2008.12.30"]
[Round "7.4"]
[White "Dumke, Fabian"]
[Black "Schreiber, Justina"]
[Result "1/2-1/2"]
[WhiteElo "1069"]
[BlackElo "1233"]
[PlyCount "104"]
[EventDate "2008.12.27"]
[EventType "team-swiss"]
[EventRounds "7"]
[EventCountry "GER"]
[SourceTitle "EXT 2010"]
[Source "ChessBase"]
[SourceDate "2010.11.25"]
[SourceVersion "1"]
[SourceVersionDate "2010.11.25"]
[SourceQuality "1"]
[WhiteTeam "Chemnitz Aufbau"]
[BlackTeam "Hagen"]
[WhiteTeamCountry "GER"]
[BlackTeamCountry "GER"]

1. e4 d5 2. exd5 Qxd5 3. Nc3 Qa5 4. Bc4 Nf6 5. d3 Bg4 6. Nf3 Nc6 7. Be3 e6 8. a3 Qh5 9. Bb5 Bxf3 10. Qxf3 Qxf3 11. gxf3 Bd6 12. Bxc6+ bxc6 13. Ne4 Nd5 14. Rg1 Bxh2 15. Rxg7 Be5 16. Rg1 Bxb2 17. Ra2 Rb8 18. Kd2 Nxe3 19. fxe3 Be5 20. d4 Bd6 21. Kd3 f5 22. Ng5 Ke7 23. c4 c5 24. d5 Rhg8 25. Rag2 e5 26. Kc3 Kd7 27. Nxh7 Rxg2 28. Rxg2 Rb1 29. Ng5 a5 30. a4 Rf1 31. Rh2 Ke8 32. Rh7 Rc1+ 33. Kb3 Rb1+ 34. Kc2 Rb4 35. Rh8+ Kd7 36. Rh7+ Be7 37. Kc3 Rxa4 38. Ne6 Ra3+ 39. Kd2 Kd6 40. Nxc7 Kxc7 41. Rxe7+ Kd6 42. Re6+ Kd7 43. Rxe5 f4 44. Re4 fxe3+ 45. Rxe3 Ra2+ 46. Kc1 a4 47. Rc3 Rf2 48. Ra3 Kd6 49. Re3 Kd7 50. Ra3 Kd6 51. Re3 Kd7 52. Ra3 Kd6 1/2-1/2

[Event "GER-chT U14"]
[Site "Verden"]
[Date "2008.12.27"]
[Round "2.4"]
[White "Schreiber, Justina"]
[Black "Kolb, Niklas"]
[Result "0-1"]
[WhiteElo "1233"]
[BlackElo "1391"]
[PlyCount "48"]
[EventDate "2008.12.27"]
[EventType "team-swiss"]
[EventRounds "7"]
[EventCountry "GER"]
[SourceTitle "EXT 2010"]
[Source "ChessBase"]
[SourceDate "2010.11.25"]
[SourceVersion "1"]
[SourceVersionDate "2010.11.25"]
[SourceQuality "1"]
[WhiteTeam "Hagen"]
[BlackTeam "Gruendau"]
[WhiteTeamCountry "GER"]
[BlackTeamCountry "GER"]

1. d4 d5 2. Bf4 Bf5 3. Nc3 e6 4. Qd2 Bb4 5. 0-0-0 Nf6 6. f3 Nbd7 7. e3 Nb6 8. Nge2 Qe7 9. Qe1 Nc4 10. Qf2 Ba3 11. Na4 Bxb2+ 12. Nxb2 Qa3 13. Rd2 Qxb2+ 14. Kd1 Qb1+ 15. Nc1 Nb2+ 16. Ke2 Qxc1 17. g4 Nxg4 18. Qg3 Nc4 19. Rd1 Qxc2+ 20. Ke1 Ncxe3 21. Bxe3 Nxe3 22. Rd2 Qc1+ 23. Ke2 Nc2 24. Rd1 Qe3# 0-1

[Event "GER-chT WK U18 4th"]
[Site "Kiel"]
[Date "2008.05.31"]
[Round "1.3"]
[White "Schreiber, Justina"]
[Black "Garell, Damian"]
[Result "1-0"]
[WhiteElo "1244"]
[BlackElo "800"]
[PlyCount "107"]
[EventDate "2008.05.31"]
[EventType "team-swiss"]
[EventRounds "7"]
[EventCountry "GER"]
[SourceTitle "EXT 2010"]
[Source "ChessBase"]
[SourceDate "2010.11.25"]
[SourceVersion "1"]
[SourceVersionDate "2010.11.25"]
[SourceQuality "1"]

1. e4 e6 2. d4 d5 3. e5 c5 4. c3 Qb6 5. f4 Nc6 6. Nf3 cxd4 7. Nxd4 Bd7 8. Qb3 Qc7 9. Nxc6 Bxc6 10. Be3 a6 11. Qb6 Qd7 12. Nd2 Rc8 13. 0-0-0 f6 14. Nf3 f5 15. Bc5 Bxc5 16. Qxc5 Ba4 17. Qd6 Bxd1 18. Kxd1 Qa4+ 19. Kc1 Qxf4+ 20. Kb1 Rd8 21. Qc7 Rd7 22. Qb8+ Ke7 23. Qa7 Qa4 24. Qc5+ Kd8 25. Qf8+ Kc7 26. Qc5+ Kb8 27. Qf8+ Ka7 28. a3 Rc7 29. Qd6 Re7 30. Nd4 Qd7 31. Qb4 h5 32. g3 Rh6 33. Qa5 Qc7 34. Nb5+ Kb8 35. Nxc7 Rxc7 36. Qb6 Kc8 37. Bh3 Ne7 38. Rd1 Nc6 39. Qe3 Na5 40. Qf4 Rc4 41. Qg5 Rc7 42. Bxf5 exf5 43. Qxf5+ Rd7 44. e6 Re7 45. Qf8+ Kc7 46. Qxe7+ Kb6 47. Qd6+ Ka7 48. Qc5+ Kb8 49. e7 Re6 50. Qxd5 Rxe7 51. Qd6+ Ka8 52. Qxe7 Ka7 53. Qc5+ Kb8 54. Rd8# 1-0